000 004310000a22001690004500
003 MACL
005 20160102122416.0
008 160102b xxu||||| |||| 00| 0 eng d
040 _aMACL
_cMACL
041 _aEnglish
082 _a800
100 _aArnold, Thomas
_926914
245 _aThe History of Roman Empire
260 _bJohn Joseph Griffin and Co
_c1853
_aLondon
650 _aLiterature
_926915
942 _cBK
_k800/ARN
_2ddc
999 _c36532
_d36532